00830 2200229 4500001002100000005001700021008004100038035002500079040001200104082001500116084002000131100001600151245011000167260007300277300003000350500011800380504002800498650002400526700002000550850001200570990001800582INLIS00000000000927020150808050419.0  a0010-081500000000708 aYOPDYOG 223a297.65 aSK 297.65 Nan P aNANA Cahana aProses komunikasi organisasi remaja masjid jogokariyan di kecamatan Mantrijeron Yogyakartac/ Nana Cahana aYogyakartabUniversitas Islam Negeri Sunan Kalijaga Yogyakartac2006 aix, 85 lembar. ; 29,5 cm. aSkripsi Jurusan Komunikasi dan Penyiaran Islam Fakultas Dakwah Universitas Islam Negeri Sunan Kalijaga Yogyakarta aBibliografi: hlm. 84-85 aIslam -- Organisasi aMUHAMMAD Sahlan aYOPDYOG a47525-PD/A.15